000 00317nam a2200145Ia 4500
100 _aIyengar/S.R.K/ Jain/R.K
650 _aMathematics
942 _cBK
366 _f20
245 _aMathematical Methods
260 _bNarosa Publication House
_c2006
082 _a515/IYE
_bIYE
546 _aENGLISH
999 _c31233
_d31233